Most Guessed Countries Quiz - Statistics

General Stats
  • This quiz has been taken 30 times
  • The average score is 35 of 40
Answer Stats
% Country % Correct
94% Brazil
100%
96% Canada
100%
95% China
100%
95% Mexico
100%
96% Russia
100%
93% Spain
100%
94% United Kingdom
100%
87% Argentina
96%
94% Australia
96%
94% France
96%
92% Germany
96%
92% India
96%
94% Italy
96%
84% South Korea
96%
97% United States
96%
86% Chile
92%
83% Iran
92%
82% Iraq
92%
92% Japan
92%
83% New Zealand
92%
88% Egypt
88%
83% Finland
88%
77% Netherlands
88%
85% Norway
88%
87% Portugal
88%
88% South Africa
88%
87% Sweden
88%
84% Turkey
88%
83% Greece
83%
805 Denmark
79%
88% Ireland
79%
83% North Korea
79%
76% Pakistan
79%
81% Poland
79%
79% Cuba
75%
77% Switzerland
75%
88% Iceland
71%
78% Peru
71%
75% Mongolia
58%
79% Madagascar
33%
No matching quizzes found
Score Distribution
Percent of People with Each Score
Percentile by Number Answered
Your Score History
You have not taken this quiz